Delta international destinations - Statistics

General Stats
  • This quiz has been taken 152 times
    76 since last reset
  • The average score is 53 of 80
Answer Stats
Country Answer % Correct
Argentina Buenos Aires
96%
Chile Santiago
94%
Dominican Republic Santiago
94%
Australia Sydney
94%
Canada Toronto
92%
Colombia Bogota
90%
Belgium Brussels
90%
Mexico Cancun
90%
Germany Frankfurt
90%
France Paris
90%
Japan Tokyo
90%
Ireland Dublin
88%
Hong Kong Hong Kong
88%
UK London
88%
Spain Madrid
88%
Mexico Mexico City
88%
Panama Panama City
88%
Italy Rome
88%
Brazil Sao Paulo
88%
Singapore Singapore
88%
Netherlands Amsterdam
86%
Spain Barcelona
86%
Cuba Havana
86%
Peru lima
86%
Japan Osaka
86%
South Korea Seoul
86%
China Shanghai
86%
Israel Tel Aviv
86%
China Beijing
84%
Guatemala Guatemala City
84%
Philippines Manila
84%
Italy Milan
84%
Bahamas Nassau
84%
Switzerland Zurich
84%
South Africa Johannesburg
82%
Jamaica Kingston
82%
Nigeria Lagos
82%
Germany Munich
82%
El Salvador San Salvador
82%
Ecuador Quito
80%
Costa Rica San Jose
80%
Mexico San jose
80%
Belize Belize City
78%
Haiti Port-au-Prince
78%
Puerto Rico San Juan
78%
Brazil Rio de Janeiro
76%
Senegal Dakar
70%
Germany Dusseldorf
70%
Ghana Accra
68%
Japan Nagoya
68%
Mexico Guadalajara
66%
Mexico Monterrey
66%
Dominican Republic Punta Cana
66%
Japan Fukuoka
62%
Nicaragua Managua
58%
Germany Stuttgart
58%
Honduras Tegucigalpa
58%
Colombia Cartagena
56%
Jamaica Montego Bay
56%
Antigua and Barbuda St John's
52%
Guam Guam
50%
Aruba Oranjestad
44%
Costa Rica Liberia
42%
Cayman Islands Grand Cayman
40%
Bermuda Hamilton
40%
Mexico Puerto Vallarta
38%
Mexico Cozumel
30%
Honduras San Pedro Sula
28%
Northern Mariana Islands Saipan
26%
Grenada St.George's
26%
Turks and Caicos Islands Providenciales
18%
Honduras Roatan
18%
Mexico Ixtapa
16%
Portugal Ponta Delgada
16%
Bonaire Kralendijk
12%
Iceland Reykjavik
12%
U.S Virgin Islands Saint Thomas
8%
Saint Lucia Vieux-Fort
8%
Sint Maarten Philipsburg
6%
Dominican Republic Santo Domingo
0%
No matching quizzes found
Score Distribution
Percent of People with Each Score
Percentile by Number Answered
Your Score History
You have not taken this quiz since the last reset